header

The Moorchild (Record no. 264337)

MARC details
000 -LEADER
fixed length control field 00211nam a22000977a 4500
020 ## - INTERNATIONAL STANDARD BOOK NUMBER
ISBN 0590035584
100 ## - MAIN ENTRY--AUTHOR NAME
Personal name Eloise McGraw
245 ## - TITLE STATEMENT
Title The Moorchild
260 ## - PUBLICATION, DISTRIBUTION, ETC. (IMPRINT)
Place of publication New York
Name of publisher Scholastic Inc
Year of publication 1996
942 ## - ADDED ENTRY ELEMENTS (KOHA)
Koha item type Long Loan Books
Holdings
Withdrawn status Lost status Collection code Home library Current library Shelving location Date acquired Accession Number Koha item type
    Fiction Rongo University Library Rongo University Library Children's Area 15/08/2024 CL20211708 Long Loan Books

© 2026 Rongo University
Contact us: librarian | system librarian | Rongo university